LEADER 01479nam a2200337 u 4500 001 000000003686 003 CaOOAMICUS 005 20070226104551.0 008 940514s1982 it f u000 u ita u 020 $a88-85027-71-7 035 $a10096960 040 $aPUL$bita 100 1 $aSchulhof, Izsák.$0(OLS)http://pul/name/3836 240 10$aBudai Krónika.$lItaliano.$f1982.$0(OLS)http://pul/title/5392 245 13$aLa Meghillŕ di Buda (1686) /$cIzsák Schulhof ; prefazione e traduzione di Paolo Agostini ; postfazione di Ferenc Szakály. 260 $aRoma :$bCarucci,$c1982. 300 $a93 p., c. di tav. :$bfacs. ;$c21 cm 490 1 $aTestimonianze sull'ebraismo ;$v13 504 $a"Fonti bibliografiche": p. 89-92. 630 04$aBiblia.$pV.T.$pEsther.$0(OLS)http://pul/subject/3087 630 04$aBiblia.$pV.T.$pMeghillot Hames.$0(OLS)http://pul/subject/3088 700 1 $aSzakály, Ferenc.$0(OLS)http://pul/name/3838 700 1 $aAgostini, Paolo.$0(OLS)http://pul/name/3837 830 0$aTestimonianze sull'ebraismo ;$v13.$0(OLS)http://pul/title/5394 850 $aPUL 852 $aPUL$W1$xSL Religione 1$y3$m7(1) D 53$j4945$nBK-PRI$b $qStampati$B4945$CPULBib$Z2$F4945 $H $81 941 1 $a8 961 $aINV: 49681 996 $6020$a88-85027-71-7$9(OLS)http://pul/number/4815 996 $6245$aLa Meghillŕ di Buda (1686)$9(OLS)http://pul/title/5393 996 $6260$aRoma :$bCarucci$9(OLS)http://pul/publisher/48980 LEADER 01270nam a2200325 a 4500 001 000000145291 003 CaOOAMICUS 005 20150831111348.0 008 150831s1981 it u000 u ita r 040 $aPUL$bita 041 1 $aita$hfre 100 1 $aCazelles, Henri,$cP.S.S.,$d1912-2009.$0(OLS)http://pul/name/25466 240 10$aMessie de la Bible.$lItaliano.$0(OLS)http://pul/title/183732 245 13$aIl Messia della Bibbia :$bcristologia dell'Antico Testamento /$cHenri Cazelles. 260 $aRoma :$bBorla$g1981 300 $a207 p. ;$c21 cm 490 1 $aKyrios 490 1 $aCollana di "Cristologia" 504 $aBibliografia in nota. 650 4$aCristologia.$0(OLS)http://pul/subject/1402 830 0$aCollana di "Cristologia".$0(OLS)http://pul/title/38330 830 0$aKyrios.$0(OLS)http://pul/title/44335 850 $aPUL 852 $aPUL$W1$xDP1 Fondo S. Lanza$y121$m3 M 11$j168048$qFondi$q $B168613$CPULBib$Z2$F168613 $HLan1551 $81 941 1 $a1 960 $aIesus Christus$91402 960 $aIesus Christus$91402 996 $6245$aIl Messia della Bibbia :$bcristologia dell'Antico Testamento$9(OLS)http://pul/title/183733 996 $6260$aRoma :$bBorla$9(OLS)http://pul/publisher/48061